000 00679nam a22001937a 4500
005 20100807132719.0
010 _aENG-98774
020 _a9788190752107
_c150.00
035 _aEN-82306
037 _bDBAD/PUB
082 _a005.276
100 _aSelvavinayagam,R.
_99091
245 _aLearn active server pages /
_cby R.Selvavinayagam
260 _aRajapalaiyam
_bGunna Puthaga Nilayam
_c2008
270 _a90,Mudangiaru Road Rajapalaiyam
_bTamil Nadu
_e626117
300 _a177p.
_c22cm (pbk)
942 _2ddc
_cEN
_h005.276
_mSEL
999 _c40050
_d40050